|
|
|
|
| LEADER |
00000nam a2200000 a 4500 |
| 001 |
UCH4753 |
| 003 |
CL-VaPUC |
| 008 |
090903e20000000MX |||||||||||||||||spa|d |
| 020 |
|
|
|a 9681862694
|
| 082 |
0 |
4 |
|a 371.1023
|b UNI
|2 21
|
| 110 |
2 |
|
|a Universidad Pedagógica Nacional
|e author
|9 540665
|
| 245 |
1 |
0 |
|a Proyectos de innovación: guía del estudiante
|
| 300 |
|
|
|a 35 p
|
| 942 |
|
|
|c BK
|
| 945 |
|
|
|d 20090903 00:00:00
|a rbrito
|
| 260 |
|
|
|a Ciudad de México
|b Limusa
|c 2000
|
| 650 |
|
0 |
|a Innovaciones pedagógicas
|9 307471
|
| 650 |
|
0 |
|a Planificación de la educación
|9 307333
|
| 650 |
|
0 |
|a Formación profesional de profesores
|9 307493
|
| 583 |
|
|
|a last modification
|c 20160914 11:11:38
|k Rodrigo Vera
|
| 999 |
|
|
|c 336024
|d 336022
|
| 952 |
|
|
|0 0
|1 0
|4 0
|6 371_102300000000000_UNI_2000
|7 0
|8 A
|9 426895
|a BIBEDU
|b BIBEDU
|d 2019-11-22
|i 4595211
|o 371.1023 UNI 2000
|p 4595211
|r 2019-11-22
|w 2019-11-22
|y BK
|k BME
|